00444nam a2200157Ia 450000500170000000800410001708200130005810000200007124500310009126000220012230000120014465000100015694200060016695200990017299900150027120250406065704.0240331s9999 xx 000 0 und d bSELa894 aSelvarajah, B.A 0aKaviri muthal maveli varai aHattonbBaic1995 a28 p ., aPoems cL 001040708LaWERCLbWERCLcSSCd2024-03-31l0o 894.811 SELp5060r2024-03-31w2024-03-31yL c4207d4207